| 000 | 01921cam a2200493 a 4500 | ||
|---|---|---|---|
| 001 | 39203 | ||
| 005 | 20230410121133.0 | ||
| 008 | 920330s1992 fr b 001 0 fre | ||
| 010 | _a 92139872 | ||
| 035 | _a(OCoLC)ocm28967292 | ||
| 040 |
_aDLC _cDLC _dFBF _dWAU _dMUQ _dNLGGC |
||
| 019 | _a25738994 | ||
| 020 |
_a2707120987 : _c160F |
||
| 020 | _a9782707120984 | ||
| 029 | 1 |
_aNLGGC _b094743037 |
|
| 035 |
_a(OCoLC)28967292 _z(OCoLC)25738994 |
||
| 043 | _ae-fr--- | ||
| 050 | 1 | 4 |
_aJV 1817 _bB473d 1992 |
| 082 | 0 | 0 | _a325/.344/09034 |
| 100 | 1 | _aBenot, Yves. | |
| 245 | 1 | 3 |
_aLa démence coloniale sous Napoleon : _bessai / _cYves Benot. |
| 260 |
_aParis : _bEditions La Decouverte, _c1992. |
||
| 300 |
_a407 p. ; _c22 cm. |
||
| 440 | 0 |
_aTextes áa l'appui. _pSerie Histoire contemporaine |
|
| 504 | _aIncludes bibliographical references (p. 390-[394]) and index. | ||
| 650 | 0 |
_aAntislavery movements _zFrance _xHistory _y19th century. |
|
| 650 | 0 |
_aSlavery _zFrance _xJustification _xHistory _y19th century. |
|
| 651 | 0 |
_aFrance _xColonies _xHistory _y19th century. |
|
| 651 | 0 |
_aFrance _xHistory _yConsulate and First Empire, 1799-1815. |
|
| 600 | 0 | 0 |
_aNapoleon _bI, _cEmperor of the French, _d1769-1821 _xPolitical and social views. |
| 650 | 7 |
_aEsclavage _zFrance _xMouvements antiesclavagistes _y1799-1815. _2ram |
|
| 650 | 7 |
_aEsclavage _zFrance _xJustification _y1799-1815. _2ram |
|
| 651 | 7 |
_aFrance _xColonies _xHistoire _y1799-1815. _2ram |
|
| 600 | 0 | 6 |
_aNapoleon _bIer, _cempereur des Francais, _d1769-1821 _xEt le colonialisme. |
| 600 | 0 | 6 |
_aNapoleon _bIer, _cempereur des Francais, _d1769-1821 _xEt le racisme. |
| 650 | 6 |
_aAbolitionnistes _zFrance. |
|
| 650 | 6 |
_aEsclavage _zFrance _xMouvements antiesclavagistes. |
|
| 650 | 6 |
_aEsclavage _zAntilles. |
|
| 651 | 6 |
_aFrance _xColonies _xHistoire _y19e siecle. |
|
| 650 | 4 | _aCEH | |
| 650 | 4 | _aColección Estudios Haitianos | |
| 942 |
_2lcc _cbk |
||
| 994 |
_aC0 _bDRFGD |
||
| 999 |
_c58699 _d58699 |
||